000 00514cam a22001934a 4500
005 20251230103438.0
008 250528s ||||||||||||||||||||||||d
035 _a24876
020 _a9780781774222
040 _aGR-AtMCL
_bgre
_dGR-AtMCL
_eAACR2
245 1 _aKinesiology / The Mechanics and Pathomechanics of Human Movement: Second Edition
250 _a2nd
260 _bWolters Kluwer,
_c2009
300 _a948
700 1 _aOatis, Carol A.
_99616
942 _cBK
999 _c9713
_d9713